00513nam a2200157Ia 4500008004100000100002200041245005100063245002200114260005900136260000900195650001800204650001500222856002600237999001900263952007300282170221s9999 xx 000 0 und d aDeborah H. Lester aSocial Media: Changing Advertising Education  cDeborah H. Lester bOnline Journal of Communication and Media Technologies c2015 xCommunication xMedia Arts uhttp://www.ojcmt.net/ c309222d309222 001040aCLbCLd2017-02-21l0r2017-02-21 00:00:00w2017-02-21yFOJ